| 000 | 00876nam a22002412a 4500 | ||
|---|---|---|---|
| 001 | 24636 | ||
| 003 | BD-RJUL; | ||
| 005 | 20211209001057.0 | ||
| 008 | 140315r19651947enkb 001 0 eng d | ||
| 035 |
_a(BD-RjUL)24705 _aOCLC ocm18215850 from D950919M |
||
| 040 |
_aVVC _cVVC _dEQO _dBD-RjUL _beng |
||
| 041 | _aeng | ||
| 082 |
_a940.2 _bGRE 1965 |
||
| 100 | 1 |
_aGrant, A. J. _q(Arthur James), _d1862-1948. _975817 |
|
| 245 | 1 | 0 |
_aEurope : _bthe story of the last five centuries / _cby A.J. Grant |
| 250 | _aNew ed | ||
| 260 |
_aLondon ; _aNew York : _bLongmans, Green, _c1947 [Impresson 1965]. |
||
| 300 |
_axx, 472-953 p. : _bill. ; _c20 cm |
||
| 500 | _a"This present volume is in the main of a reprint of the Third Part of 'A History of Europe", first published in 1924."--Pref | ||
| 500 | _aIncludes index | ||
| 651 | 0 |
_aEurope _xHistory _y1492- _975818 |
|
| 942 |
_2ddc _cBK _01 |
||
| 999 |
_c24636 _d24636 |
||